The Ultimate motorcycle book

Bibliographic Details
Main Author: Wilson, Hugo
Format: Book
Published: London : Dorling Kindersley , 1993
Subjects:

MARC

LEADER 00000cam a2200000 7i4500
001 0000004042
002 000004352
005 20000330.0
020 |a 0751300438 
090 0 0 |a 388.3475   |b WIL 
100 1 |a Wilson, Hugo 
245 1 4 |a The Ultimate motorcycle book   |c Hugo Wilson 
260 |a London :   |b Dorling Kindersley ,   |c 1993 
300 |a 192p. :   |b ill ;   |c 28cm. 
650 0 0 |a Motorcycle   |x Models 
999 |a 00070200   |b BUKU   |c PINJAMAN   |e PERPUSTAKAAN KOMUNITI PETALING JAYA 
999 |a 037262   |b BUKU   |c PINJAMAN   |e PERPUSTAKAAN KOMUNITI PETALING JAYA